[Event "Salongernas IM 5th"]
[Site "Stockholm"]
[Date "2005.06.14"]
[Round "4"]
[White "Hedman, Erik"]
[Black "Eriksson, Johan"]
[Result "1/2-1/2"]
[WhiteElo "2340"]
[BlackElo "2423"]
[PlyCount "148"]
[EventDate "2005.06.11"]
[EventType "tourn"]
[EventRounds "9"]
[EventCountry "SWE"]
[EventCategory "4"]
[SourceTitle "CBM 106 Extra"]
[Source "ChessBase"]
[SourceDate "2005.07.01"]
[SourceVersion "1"]
[SourceVersionDate "2005.07.01"]
[SourceQuality "1"]

1. e4 c5 2. Nf3 d6 3. d4 cxd4 4. Nxd4 Nf6 5. Nc3 a6 6. Bg5 e6 7. f4 Nbd7 8. Qf3 Qc7 9. 0-0-0 Be7 10. Bd3 h6 11. Bh4 g5 12. fxg5 Ne5 13. Qe2 Nfg4 14. Nf3 Nxf3 15. Qxf3 hxg5 16. Bg3 Ne5 17. Bxe5 dxe5 18. h4 gxh4 19. Qg4 Bd7 20. Rdf1 Rf8 21. g3 hxg3 22. Rh7 0-0-0 23. Rfxf7 Rxf7 24. Rxf7 Bb4 25. Ne2 Qc5 26. Qxg3 Rf8 27. Qg7 Rxf7 28. Qxf7 Qf8 29. Qxf8+ Bxf8 30. a3 Bh6+ 31. Kb1 Kc7 32. b4 Be3 33. Kb2 Be8 34. Kb3 Bh5 35. Nc3 Be8 36. a4 Kd6 37. Nb1 Bf4 38. Na3 Kc7 39. a5 Bc6 40. Nc4 Bd7 41. Nb2 Be3 42. Be2 Bc6 43. Bf3 Bb5 44. Nd1 Bd4 45. c3 Bg1 46. Nb2 Be3 47. Kc2 Bf1 48. Kd1 Bb5 49. Be2 Bc6 50. Bd3 Bf4 51. Ke2 Be8 52. Bc4 Kd6 53. Bb3 Bb5+ 54. c4 Be8 55. c5+ Ke7 56. Ba4 Bc1 57. Nd3 Bh5+ 58. Ke1 Be3 59. c6 bxc6 60. Nxe5 Be8 61. Nd3 Kd6 62. Bb3 Bg6 63. e5+ Ke7 64. Nc5 Bd4 65. Kd2 Bxe5 66. Bxe6 Bd4 67. Bc4 Kd6 68. Nb3 Bg1 69. Bxa6 Bf7 70. Nc5 Bxc5 71. bxc5+ Kxc5 72. Bb7 Kb5 73. a6 Kb6 74. Bxc6 Kxc6 1/2-1/2